Autoliderazgo y el ejecutivo al minuto cómo incrementar la efectividad mediante el autoliderazgo situacional (Registro nro. 41029)

Detalles MARC
000 -ENCABEZADO
Número de control [NR] 01006nam a2200253Ia 4500
008 - DE LONGITUD FIJA DE DATOS DE ELEMENTOS - INFORMACIÓN GENERAL
Elementos de longitud fija [NR] 130821s2006 ck ad gr spa
020 ## - NUMERO INTERNACIONAL NORMALIZADO PARA LIBROS [R]
Número Internacional Normalizado del libro [NR] 9580492107
040 ## - FUENTE DE CATALOGACION [NR]
Agencia de catalogación original [NR] Co-BoUCM
Idioma de catalogación [NR] spa
041 00 - CODIGO DE IDIOMA [R]
Código de idioma para texto/pista de sonido o título separado [R] Español
100 1# - ASIENTO PRINCIPAL--NOMBRE PERSONAL [NR]
Nombre personal [NR] Blanchard, Kenneth H.
ID Autoridad 41297
245 10 - MENCION DE TITULO [NR]
Título [NR] Autoliderazgo y el ejecutivo al minuto cómo incrementar la efectividad mediante el autoliderazgo situacional
Mención de responsabilidad, etc. [NR] Ken Blanchard, Susan Fowler, Laurence Hawkins ; traducción Angela García
260 ## - PUBLICACION, DISTRIBUCION, ETC. (PIE DE IMPRENTA) [R]
Lugar de publicación, distribución, etc. [R] Bogotá (Colombia)
Nombre del editor, distribuidor, etc. [R] Grupo Editorial Norma
Fecha de publicación, distribución, etc. [R] 2006
300 ## - DESCRIPCION FISICA [R]
Extensión [R] xvii, 180 páginas
Otros detalles físicos [NR] diagramas
650 04 - ASIENTO SECUNDARIO DE MATERIA - TERMINO TEMATICO [R]
Término temático o nombre geográfico como elemento de entrada [NR] Administración de empresas
9 (RLIN) 435
650 04 - ASIENTO SECUNDARIO DE MATERIA - TERMINO TEMATICO [R]
Término temático o nombre geográfico como elemento de entrada [NR] Cambio organizacional
9 (RLIN) 7360
650 04 - ASIENTO SECUNDARIO DE MATERIA - TERMINO TEMATICO [R]
Término temático o nombre geográfico como elemento de entrada [NR] Liderazgo
9 (RLIN) 18533
650 04 - ASIENTO SECUNDARIO DE MATERIA - TERMINO TEMATICO [R]
Término temático o nombre geográfico como elemento de entrada [NR] Líderes
9 (RLIN) 160901
700 1# - ASIENTO SECUNDARIO - NOMBRE PERSONAL [R]
Nombre personal [NR] Fowler, Ken.
9 (RLIN) 160902
700 1# - ASIENTO SECUNDARIO - NOMBRE PERSONAL [R]
Nombre personal [NR] García, Angela
Fechas asociadas con el nombre [NR] 1957-
Término de relación [R]
9 (RLIN) 160903
700 1# - ASIENTO SECUNDARIO - NOMBRE PERSONAL [R]
Nombre personal [NR] Hawkins, Laurence.
9 (RLIN) 160904
765 ## - ASIENTO DE IDIOMA ORIGINAL [R]
Asiento principal [NR] tSelf leadership and the one minute manager.
942 ## - ELEMENTOS DE ENTRADA AGREGADOS (KOHA)
Tipo de ítem principal el descrito en 300a Libro
Tema principal Administración
Edición 1
Parte restante de la signatura top. B639au
Sistema de clasificación DEWEY
Clasificación 658.4092
Existencias
Fecha de último préstamo Total préstamos Signatura topográfica Código de barras Última vez visto Ejemplar Price effective from Tipo de ítem Perdido Sistema de clasificación Dañado No prestable Tipo de ítem específico Suprimido Ubicación habitual Ubicación actual Localización Fecha de creación Forma de adquisición Costo
31/10/2014 1 658.4092 B639au 100129948 04/12/2024 Ej.1 03/02/2013 Libro   DEWEY     Libro   Bodega Bodega 5to piso 19/02/2013 Compra 35100.00